Lisons: cours élémentaire 2 émé année

Gespeichert in:
Bibliographische Detailangaben
Hauptverfasser: Houblain, L (VerfasserIn), Gaillard, R (VerfasserIn), Grenouillet, R (VerfasserIn)
Format: Buch
Sprache:Französisch
Veröffentlicht: París Fernand Nathan 1960
Ausgabe:1a. ed
Schriftenreihe:A la Librairie Fernand Nathan
Schlagworte:
Tags: Tag hinzufügen
Keine Tags, Fügen Sie den ersten Tag hinzu!

MARC

LEADER 00000cam a2200000 a 4500
001 UCD1986
003 CL-VaPUC
008 160407e19600000fr |||||||||||||||||fre|d
082 0 4 |a 372.41  |b HOU  |2 21 
100 0 |a Houblain, L  |e author  |9 585187 
700 0 |a Gaillard, R  |e author  |9 585188 
700 0 |a Grenouillet, R  |e author  |9 585189 
245 1 0 |a Lisons: cours élémentaire 2 émé année 
250 |a 1a. ed 
300 |a 223 p 
942 |c BK 
945 |d 20160407 22:06:00  |a arojas 
260 |a París  |b Fernand Nathan  |c 1960 
500 |a Lecture, élocution, vocabulaire, exercices 
650 0 |a Lectura  |9 307634 
650 0 |a Enseñanza de la lectura  |9 308364 
650 0 |a Métodos de enseñanza  |9 270413 
583 |a last modification  |c 20160407 22:06:00  |k Rodrigo Vera 
490 0 |a A la Librairie Fernand Nathan 
999 |c 363193  |d 363191 
952 |0 0  |1 0  |3 erd  |4 0  |6 372_410000000000000_HOU_1960  |7 0  |8 P  |9 475068  |a BIBEDU  |b BIBEDU  |c BIBEDU_PB  |i 526894K  |o 372.41 HOU 1960  |p 526894K  |r 2024-01-25  |w 2019-11-24  |y BK  |z Catalogado en:20160407  |k LIT